Statistics for Sound of Music movie trivia

Click here to take the quiz!

General Stats

  • This quiz has been taken 1,012 times
  • The average score is 7 of 15

Answer Stats

HintAnswer% Correct
True or False: Christopher Plummer's singing is not used in the film.true
99%
True or False: "Edelweiss" is an Austrian folk song.false
90%
Liesl, Friedrich, Louisa, Brigitta, ____, Marta, GretlKurt
71%
"Maria's not an asset to the _____."abbey
69%
do mi mi mi sol sol re __ __ la ti tifa fa
61%
A drink with jam and breadti
61%
"What's wrong with the ________, Captain?"children
59%
What did Gretl's finger get caught in?Friedrich's teeth
37%
Who notices everything?Brigitta
35%
"When you wake up, ____ __!"wake up
28%
"Your life, little girl, is an empty page that men will want to write on."To write on
24%
What instrument does Baroness Schraeder allegedly play?harmonica
23%
"Were you this much trouble at the Abbey?"Oh, much more, sir
17%
"There isn't going to be any ________."Baroness
14%
Where do Georg and Maria go on their honeymoon?Paris
14%

Score Distribution

Percentile by Number Answered

Percent of People with Each Score

Your Score History

You have not taken this quiz